000 00267nam a2200109Ia 4500
008 240625s9999 xx 000 0 und d
041 _aeng
082 _a658.83 MAL
100 _aMALHOTRA NARESH K
245 _aMARKETING RESEARCH AN APPLIED ORIENTATIO
260 _c2011
999 _c38288
_d38288